000
00270nam a22001097a 4500
082
_a
621.3133 LAW
100
_a
LAWRENCE,RALPH.R
_9
41452
245
_a
PRINCIPLES OF ALTERNATING-CURRENT MACHINERY
260
_a
NEW YORK
_b
MCGRAW HILL
_c
1940
300
_a
673P
942
_c
BK
999
_c
579345
_d
579345